Flags of the Countries that Start with D - Click Quiz - Statistics

General Stats
  • This quiz has been taken 5,438 times
  • The average score is 4 of 5
Answers on the Map
Answers color-coded by a green-red scale on the quiz's map according to % correct below.
 
Answer Stats
Answer % Correct
Denmark
99%
Dominican Republic
89%
Djibouti
88%
D.R. Congo
88%
Dominica
82%
No matching quizzes found
Score Distribution
Percent of People with Each Score
Percentile by Number Answered
Your Score History
You have not taken this quiz